<?xml version="1.0" encoding="UTF-8"?>
<record
    xmlns:xsi="http://www.w3.org/2001/XMLSchema-instance"
    xsi:schemaLocation="http://www.loc.gov/MARC21/slim http://www.loc.gov/standards/marcxml/schema/MARC21slim.xsd"
    xmlns="http://www.loc.gov/MARC21/slim">

  <leader>01202nam2a2200229   4500</leader>
  <controlfield tag="001">rc\2867879</controlfield>
  <controlfield tag="005">20260315051440.0</controlfield>
  <datafield tag="035" ind1=" " ind2=" ">
    <subfield code="a">(NLR Aleph) 007021542</subfield>
  </datafield>
  <datafield tag="090" ind1=" " ind2=" ">
    <subfield code="a">13581585</subfield>
    <subfield code="c">13581585</subfield>
  </datafield>
  <datafield tag="100" ind1=" " ind2=" ">
    <subfield code="a">20260315              rusy50        </subfield>
  </datafield>
  <datafield tag="101" ind1="0" ind2=" ">
    <subfield code="a">rus</subfield>
  </datafield>
  <datafield tag="102" ind1=" " ind2=" ">
    <subfield code="a">RU</subfield>
  </datafield>
  <datafield tag="105" ind1=" " ind2=" ">
    <subfield code="a">y   z   |||||</subfield>
  </datafield>
  <datafield tag="200" ind1="1" ind2=" ">
    <subfield code="a">&#x420;&#x435;&#x43C;&#x43E;&#x43D;&#x442; &#x432;&#x43E;&#x437;&#x434;&#x443;&#x448;&#x43D;&#x44B;&#x445; &#x43B;&#x438;&#x43D;&#x438;&#x439;</subfield>
    <subfield code="f">&#x421;&#x43E;&#x441;&#x442;&#x430;&#x432;&#x438;&#x43B; &#x41C;.&#x412;. &#x41A;&#x430;&#x442;&#x43A;&#x43E;&#x432;</subfield>
    <subfield code="h">&#x41B;&#x435;&#x43A;&#x446;&#x438;&#x44F; 1</subfield>
  </datafield>
  <datafield tag="210" ind1=" " ind2=" ">
    <subfield code="d">&#x411;. &#x433;.</subfield>
  </datafield>
  <datafield tag="461" ind1=" " ind2="0">
    <subfield code="1">001rc\2867870</subfield>
    <subfield code="1">2001#$a&#x423;&#x441;&#x442;&#x440;&#x43E;&#x439;&#x441;&#x442;&#x432;&#x43E; &#x44D;&#x43B;&#x435;&#x43A;&#x442;&#x440;&#x438;&#x447;&#x435;&#x441;&#x43A;&#x438;&#x445; &#x43B;&#x438;&#x43D;&#x438;&#x439;$e&#x41B;&#x435;&#x43A;&#x446;&#x438;&#x44F; 1-$f&#x426;&#x435;&#x43D;&#x442;&#x440;. &#x43F;&#x440;&#x43E;&#x444;&#x442;&#x435;&#x445;&#x43D;. &#x437;&#x430;&#x43E;&#x447;&#x43D;&#x44B;&#x435; &#x43A;&#x443;&#x440;&#x441;&#x44B; &#x41D;.&#x41A;.&#x41F;.&#x421;. &#x42D;&#x43B;&#x435;&#x43A;&#x442;&#x440;&#x43E;&#x442;&#x435;&#x445;&#x43D;. &#x43E;&#x442;&#x434;-&#x43D;&#x438;&#x435;$v&#x427;. 2</subfield>
    <subfield code="9">5913609</subfield>
    <subfield code="a">&#x426;&#x435;&#x43D;&#x442;&#x440;&#x430;&#x43B;&#x44C;&#x43D;&#x44B;&#x439; &#x43F;&#x43E;&#x43B;&#x438;&#x442;&#x435;&#x445;&#x43D;&#x438;&#x447;&#x435;&#x441;&#x43A;&#x438;&#x439; &#x437;&#x430;&#x43E;&#x447;&#x43D;&#x44B;&#x439; &#x438;&#x43D;&#x441;&#x442;&#x438;&#x442;&#x443;&#x442; &#x442;&#x440;&#x430;&#x43D;&#x441;&#x43F;&#x43E;&#x440;&#x442;&#x430; (&#x41C;&#x43E;&#x441;&#x43A;&#x432;&#x430;)</subfield>
    <subfield code="c">[&#x41C;&#x43E;&#x441;&#x43A;&#x432;&#x430;]</subfield>
    <subfield code="d">&#x411;. &#x433;.</subfield>
    <subfield code="f">&#x426;&#x435;&#x43D;&#x442;&#x440;. &#x43F;&#x440;&#x43E;&#x444;&#x442;&#x435;&#x445;&#x43D;. &#x437;&#x430;&#x43E;&#x447;&#x43D;&#x44B;&#x435; &#x43A;&#x443;&#x440;&#x441;&#x44B; &#x41D;.&#x41A;.&#x41F;.&#x421;. &#x42D;&#x43B;&#x435;&#x43A;&#x442;&#x440;&#x43E;&#x442;&#x435;&#x445;&#x43D;. &#x43E;&#x442;&#x434;-&#x43D;&#x438;&#x435;</subfield>
    <subfield code="n">&#x422;&#x440;&#x430;&#x43D;&#x441;&#x43F;&#x435;&#x447;&#x430;&#x442;&#x44C; &#x41D;&#x41A;&#x41F;&#x421;</subfield>
    <subfield code="o">&#x41B;&#x435;&#x43A;&#x446;&#x438;&#x44F; 1-</subfield>
    <subfield code="t">&#x423;&#x441;&#x442;&#x440;&#x43E;&#x439;&#x441;&#x442;&#x432;&#x43E; &#x44D;&#x43B;&#x435;&#x43A;&#x442;&#x440;&#x438;&#x447;&#x435;&#x441;&#x43A;&#x438;&#x445; &#x43B;&#x438;&#x43D;&#x438;&#x439;</subfield>
    <subfield code="v">&#x427;. 2</subfield>
  </datafield>
  <datafield tag="702" ind1=" " ind2="1">
    <subfield code="a">&#x41A;&#x430;&#x442;&#x43A;&#x43E;&#x432;</subfield>
    <subfield code="b">&#x41C;.&#x412;.</subfield>
    <subfield code="4">220</subfield>
  </datafield>
  <datafield tag="801" ind1=" " ind2="0">
    <subfield code="a">RU</subfield>
    <subfield code="b">NLR</subfield>
    <subfield code="g">psbo</subfield>
  </datafield>
  <datafield tag="801" ind1=" " ind2="1">
    <subfield code="a">RU</subfield>
    <subfield code="b">ELAR</subfield>
    <subfield code="2">rusmarc</subfield>
  </datafield>
  <datafield tag="852" ind1=" " ind2=" ">
    <subfield code="a">NLR</subfield>
    <subfield code="j">30.17/93</subfield>
  </datafield>
  <datafield tag="942" ind1=" " ind2=" ">
    <subfield code="c">UNSPEC</subfield>
  </datafield>
  <datafield tag="980" ind1=" " ind2=" ">
    <subfield code="a">NB</subfield>
  </datafield>
</record>
